00626nam a2200181Ia 4500001002400000003000900024008004100033040002300074041001300097100001200110245007000122250001500192260003600207300001900243490002300262501012400285520003500409220.1-PON co po (21274)IT-MiSPE171229s9999||||xx |||||||||||||| ||und|| aIT-MiSPEcIT-MiSPE aITALIANO aAA.VV.  0aIl popolo ebraico e le sue sacre Scritture nella Bibbia cristiana a1a ed. (v) aCittà del VaticanobLEVc2001 a213 p. c17 cm aDocumenti vaticani aEdizioni San Paolo srl - Piazza Soncino, 5 - 20092 CINISELLO BALSAMO (MI) (non commercial uses only) ® Copyright 2018 aPontificia Commissione Biblica